Meilleurs marqueurs NBA de A à Z - Statistiques

Statistiques générales
  • Ce quiz a été pris 734 fois
    420 depuis la dernière actualisation
  • Le résultat moyen est 8 sur 25
Statistiques - réponses
Hint Réponse Points % Correct
J LeBron James 38652
97%
A Kareem Abdul-Jabbar 38387
92%
B Kobe Bryant 33643
86%
M Karl Malone 36928
74%
C Wilt Chamberlain 31419
66%
D Kevin Durant 26892
62%
N Dirk Nowitzki 31560
60%
O Shaquille O'Neal 28596
56%
I Allen Iverson 24368
41%
G Kevin Garnett 26071
33%
R Oscar Robertson 26710
30%
P Paul Pierce 26397
28%
H Elvin Hayes 27313
24%
W Dominique Wilkins 26668
22%
S John Stockton 19711
18%
L Damian Lillard 19376
16%
E Alex English 25613
15%
U Wes Unseld 10624
8%
Y Thaddeus Young 14088
7%
K Bernard King 16655
3%
Q Immanuel Quickley 2822
3%
F Michael Finley 17306
2%
V Kiki Vandeweghe 15980
1%
Z Max Zaslofsky 7990
1%
T Reggie Theus 19015
1%
Aucun quiz correspondant
Distribution des résultats
% des personnes avec chaque résultat
Percentile par nombre de réponses
Votre historique - résultats
Vous n’avez pas pris ce quiz depuis la dernière actualisation